Tratado de la prenda sin desplazamiento en el derecho chileno.

Gespeichert in:
Bibliographische Detailangaben
1. Verfasser: Guzmán Brito, Alejandro (autor)
Format: Unbekannt
Sprache:Englisch
Veröffentlicht: Santiago, Chile. Ediciones Jurídicas de Santiago, 2021
Ausgabe:Segunda edición actualizada.
Schlagworte:
Tags: Tag hinzufügen
Keine Tags, Fügen Sie den ersten Tag hinzu!

MARC

LEADER 00000 a2200000 4500
003 CL-VaPUC
005 20230926104822.0
008 211102b2021 ||||| |||| 00| 0 eng d
999 |c 433790  |d 433788 
020 |a 9789566053187 
040 |c Pontificia Universidad Católica de Valparaíso 
082 |a 346.074 GUZ 2021 
100 |a Guzmán Brito, Alejandro   |9 862903  |e autor 
245 |a Tratado de la prenda sin desplazamiento en el derecho chileno. 
250 |a Segunda edición actualizada.  |b Actualizado para esta edición por Luis Leonardo Vargas Sáez 
260 |a Santiago, Chile.  |b Ediciones Jurídicas de Santiago,  |c 2021 
300 |a 752 páginas  
500 |a c.2 Donación Decanato Derecho MEM 036/22-9-2023 
583 |k GC  |c 20211102 
650 0 |a Contratos de prenda  |9 559063 
650 0 |a Hipotecas prendarias  |9 398249 
650 0 |a Prenda  |x Derecho  |z Chile  |9 254917 
942 |2 ddc  |c BK 
952 |0 0  |1 0  |2 ddc  |4 0  |6 346_074000000000000_GUZ_2021  |7 0  |8 A  |9 579099  |a BIBDER  |b BIBDER  |d 2021-11-02  |e 22  |g 84000.00  |i 562469K  |l 7  |o 346.074 GUZ 2021  |p 562469K  |r 2023-12-11  |s 2023-12-01  |t 1  |v 84000.00  |w 2021-11-02  |y BK  |k DER 
952 |0 0  |1 0  |2 ddc  |4 0  |6 346_074000000000000_GUZ_2021  |7 0  |8 A  |9 591684  |a BIBDER  |b BIBDER  |c GEN  |d 2023-09-26  |e Donación  |i 5658791  |l 1  |o 346.074 GUZ 2021  |p 5658791  |r 2023-12-19  |s 2023-12-06  |t 2  |w 2023-09-26  |y BK  |k DER